000 01703nam a2200277 a 4500
001 000000845
005 20260527074040.0
008 090529s1995 dr d 000 0 spa d
040 _aDO-SdBNP
_bspa
_cBNPHU
082 _a324.97293
_bR173e
100 1 _aRamírez Morillo, Belarminio,
_d1964-
_92520
245 1 4 _aLas elecciones dominicanas :
_bdel populismo al marketing político /
_cBelarminio Ramírez Morillo ; prólogo Abraham Medina.
260 _aSanto Domingo :
_bFESJE,
_c1995.
300 _a158 p. :
_bgráf. ;
_c21 cm.
500 _aBibliografía : p. 156-158.
505 0 _aDedicatoria --
_tPrólogo --
_tIntroducción --
_tCapítulo I. El papel de las elecciones --
_tCapítulo II. Cultura y persuación política --
_tCapítulo III. Ciclo biológico de una carrera política --
_tCapítulo IV. Razón y pasión en el debate político --
_tCapítulo V. Los programas políticos --
_tCapítulo VI. Las alianzas políticas y electorales --
_tCapítulo VII. La guerra de las encuestas --
_tCapítulo VIII. Resultados elecciones 1994 --
_tCapítulo IX. Breve diccionario político electoral --
_tBibligrafía.
590 _aInventariado, 2018/BT
650 4 _aElecciones
_zRepública Dominicana
_xHistoria,
_y1982-1990
_93001
650 0 _aPartidos políticos
_zRepública Dominicana
_9285
650 4 _aCampaña electoral
_zRepública Dominicana
_93002
651 4 _aRepública Dominicana
_xPolítica Y Gobierno
_y1961-
_9204
651 4 _aRepública Dominicana
_xElecciones
_y1982-1990
_xEstadísticas
_93003
700 1 2 _aMedina, Abranam,
_epról.
_93004
710 2 _aRepública Dominicana.
_bFundación de Estudios Socio Políticos, Jurídicos y Económicos
_93005
910 _aValidado. Control de calidad. MFF
999 _c841
_d841